000 00792nam a2200253Ia 4500
003 OSt
005 20221005025802.0
006 a|||||r|||| 00| 0
007 ta
008 221004b |||||||| |||| 00| 0 eng d
020 _a9780520281899 (pbk)
_c2482.09
024 _a15198
037 _bCBS/118, 01/10/2014, Classic Book Service
_cTextual
040 _aCRL
_cCRL
_beng
041 _2eng
_aeng
082 _aQ7:1, Q4
100 _aRenard John Ed.
_9142266
245 0 _aIslamic theological themes
_b Primary source reader
260 _aCalifornia
_bUniversity of California Press USA
_c2014
300 _axviii,461p.
_ccm.
650 _aRELIGION
942 _hQ7:1, Q4
_cTEXL
_2cc
999 _c935270
_d935270